[Event "Vsetin op"]
[Site "Vsetin"]
[Date "2017.07.01"]
[Round "1"]
[White "Mlady, Pavel"]
[Black "Pycha, Patrik"]
[Result "1/2-1/2"]
[WhiteElo "1650"]
[BlackElo "2060"]
[PlyCount "80"]
[EventDate "2017.07.01"]
[EventType "swiss"]
[EventRounds "9"]
[EventCountry "CZE"]
[SourceTitle "CBM 179 Extra"]
[Source "ChessBase"]
[SourceDate "2017.08.23"]
[SourceVersion "1"]
[SourceVersionDate "2017.08.23"]
[SourceQuality "1"]

1. e4 e6 2. d4 d5 3. exd5 exd5 4. Nf3 Bd6 5. Bd3 Ne7 6. c3 Bg4 7. h3 Bh5 8. Nbd2 Nd7 9. Qc2 Bg6 10. Bxg6 Nxg6 11. 0-0 0-0 12. Nb3 Nf6 13. Bg5 h6 14. Be3 Re8 15. Rfe1 Ne4 16. Nc5 Rb8 17. Nd2 Ng5 18. Nd3 Qf6 19. Bxg5 hxg5 20. Rxe8+ Rxe8 21. Re1 Rxe1+ 22. Nxe1 Qe6 23. Kf1 Nf4 24. Ndf3 f6 25. Qd2 g4 26. hxg4 Qxg4 27. Qe3 Qh5 28. g3 Qh3+ 29. Kg1 Ng6 30. Ng2 Kf7 31. Nfh4 Nxh4 32. Nxh4 g5 33. Ng2 Qf5 34. Qe2 Qb1+ 35. Kh2 Qh7+ 36. Kg1 Qe4 37. Ne3 c6 38. a3 Kg6 39. f3 Qb1+ 40. Kg2 Kf7 1/2-1/2

[Event "Valasska Bystrice op"]
[Site "Valasska Bystrice"]
[Date "2015.09.16"]
[Round "6"]
[White "Mlady, Pavel"]
[Black "Korinek, Jaroslav"]
[Result "1-0"]
[WhiteElo "1391"]
[BlackElo "1702"]
[PlyCount "145"]
[EventDate "2015.09.12"]
[EventType "swiss"]
[EventRounds "9"]
[EventCountry "CZE"]
[SourceTitle "EXT 2016"]
[Source "ChessBase"]
[SourceDate "2015.10.08"]
[SourceVersion "1"]
[SourceVersionDate "2015.10.08"]
[SourceQuality "1"]

1. c4 Nf6 2. Nf3 d6 3. d3 c5 4. g3 Nc6 5. Bg2 g6 6. Nc3 Bg7 7. Bd2 0-0 8. Qc1 Nd4 9. Nxd4 cxd4 10. Nd5 Rb8 11. 0-0 Bd7 12. b4 b5 13. Nxf6+ Bxf6 14. cxb5 Qb6 15. Qb2 Bxb5 16. Rfc1 Rfc8 17. Rxc8+ Rxc8 18. Rc1 Qa6 19. Rxc8+ Qxc8 20. Qb3 Qd7 21. Bd5 e6 22. Bg2 Kg7 23. Qb2 Qc7 24. Qc1 Qxc1+ 25. Bxc1 Kf8 26. Kf1 Ke8 27. Ke1 Kd7 28. Bd2 Be7 29. Kd1 f5 30. Kc2 Ba4+ 31. Kb2 d5 32. a3 a6 33. Bf4 Bf6 34. Bd2 Kc6 35. Kb1 e5 36. e4 dxe3 37. fxe3 e4 38. d4 Bb5 39. Kb2 Be2 40. Kc3 Kb5 41. Bc1 h5 42. Kd2 Bc4 43. Kc3 Be7 44. Kc2 a5 45. bxa5 Kxa5 46. Kc3 Ka4 47. Bb2 Bd8 48. Kc2 Bd3+ 49. Kd2 Be7 50. Kc3 Bd8 51. Kd2 Kb3 52. Bc1 Ba5+ 53. Kd1 Bc7 54. Kd2 Bd8 55. Kd1 Bb5 56. Kd2 Bc7 57. Kd1 g5 58. Bh3 g4 59. Bg2 h4 60. gxh4 Bxh2 61. h5 Be8 62. h6 Bg6 63. Bf1 Bd6 64. Bb5 Bf8 65. Bc6 Kc4 66. a4 g3 67. Ke2 Bh5+ 68. Kf1 Bxh6 69. a5 f4 70. a6 f3 71. Bxd5+ Kxd5 72. a7 Bg4 73. a8Q+ 1-0